header

Linear elastic waves (Record no. 48532)

MARC details
000 -LEADER
fixed length control field 01229nam a22003254a 4500
082 04 - DEWEY DECIMAL CLASSIFICATION NUMBER
Classification number 531/.1133
100 1# - MAIN ENTRY--AUTHOR NAME
Personal name Harris, John G.
245 10 - TITLE STATEMENT
Title Linear elastic waves
260 ## - PUBLICATION, DISTRIBUTION, ETC. (IMPRINT)
Place of publication Cambridge ;
-- New York :
Name of publisher Cambridge University Press,
Year of publication 2001.
300 ## - PHYSICAL DESCRIPTION
Number of Pages xv, 162 p. :
Other physical details ill.
490 1# - SERIES STATEMENT
Series statement Cambridge texts in applied mathematics
650 #0 - SUBJECT ADDED ENTRY--TOPICAL TERM
Topical Term Elastic waves.
856 40 - ELECTRONIC LOCATION AND ACCESS
Uniform Resource Identifier http://site.ebrary.com/lib/rucke/Doc?id=10064325

No items available.

© 2026 Rongo University
Contact us: librarian | system librarian | Rongo university